000 00382nam a2200133Ia 4500
003 GCL
008 140319s9999 xx 000 0 ara d
040 _aGCL /
_cGCL
082 0 4 _aط
_b932
_bم ا
245 1 0 _aامجاد الفراعنة
260 _a[S.N] :
_bوزارة الثقافة ،
_c1989
300 _a24 ص
490 _aسلسلة امجاد الاجداد للاطفال
_v0
999 _c56521
_d56521